Biblioteca

A New history of the book of common prayer with a rationale of its offices (Registro nro. 45815)

Detalles MARC
000 -LÍDER
Campo fijo de descripción fija 016000000a22002770004500
001 - NÚMERO DE CONTROL
Campo de control 19450
003 - IDENTIFICADOR DEL NÚMERO DE CONTROL
Campo de control CO-MdFUSB
005 - FECHA Y HORA DE LA ULTIMA TRANSACCIÓN
control field 20180522111626.0
008 - ELEMENTOS DE LONGITUD FIJA -- INFORMACIÓN GENERAL
Campo fijo de descripción fija -- Información general 180522t1911 enk||||g |||| 00| 0 eng d
040 ## - FUENTE DE CATALOGACIÓN
Agencia de catalogación original CO-MdFUSB
Idioma de catalogación spa
Agencia que realiza la transcripción CO-MdFUSB
Agencia que realiza la modificación CO-MdFUSB
Convenciones de la descripción rda
041 ## - CÓDIGO DE IDIOMA
Código de idioma para texto/pista de sonido o título separado eng
082 ## - NÚMERO DE CLASIFICACIÓN DECIMAL DEWEY
Número de la edición del Dewey 24
Número de clasificación G 264.03
Clave de autor-Numero de item F881n
245 02 - TÍTULO
Título del Material A New history of the book of common prayer with a rationale of its offices
Mención de responsabilidad, etc. / Walter Howard Frere
264 #1 - PRODUCCIÓN, PUBLICACIÓN, DISTRIBUCIÓN, MANUFACTURA, Y COPYRIGHT
Lugar de producción, publicación, distribución, manufactura London :
Nombre del productor, publicador, distribuidor Macmillan,
Fecha de producción, publicación, distribución, manufactura, o copyright ℗1911
300 ## - DESCRIPCIÓN FÍSICA
Extensión xxiv, 699 páginas
Otros detalles físicos :
Dimensiones ;
336 ## - TIPO DE CONTENIDO
Fuente rdacontent
Término de tipo de contenido texto
Código de tipo de contenido txt
337 ## - TIPO DE MEDIO
Fuente rdamedia
Nombre del tipo de medio sin mediación
Código del tipo de medio n
338 ## - TIPO DE SOPORTE
Fuente rdacarrier
Nombre del tipo de soporte volumen
Código Tipo de soporte nc
501 ## - NOTA DE “CON”
Nota de Contenido Incluye índice (p. 685-699)
505 0# - NOTA DE CONTENIDO
Nota de contenido con formato preestablecido Los libros de servicios antes de la Reforma -- Las primeras etapas de cambio -- El primer libro de la oración -- El segundo libro de la oración -- El libro de la oración isabelina -- El libro de la oración desde el ascenso de James I hasta la muerte de Charles I -- El libro de la oración en el reinado de Charles II - El libro de oración común desde la última revisión -- Material introductorio, título, prefacios y calendario -- Oración de la mañana y de la tarde -- La letanía y las oraciones y acciones de gracias ocasionales -- La administración de la cena del Señor o de la Sagrada Comunión -- Las colectas, epístolas, evangelios y lecciones apropiadas -- Los servicios bautismales con catequesis y confirmación -- Los servicios ocasionales -- El ordinal
563 ## - NOTA DE ENCUADERNACIÓN
Nota de encuadernación Pasta dura
650 #7 - ASIENTO SECUNDARIO DE MATERIA - TERMINO TEMÁTICO
9 (RLIN) 206
Término temático o nombre geográfico como elemento de entrada Liturgia
720 ## - ASIENTO SECUNDARIO - NOMBRE NO CONTROLADO
Nombre Francis Procter
942 ## - TIPO DE MATERIAL (KOHA)
Tipo de Item KOHA Libros General
Existencias
Estado de Material Estado de Perdido Forma de Clasificación Estado de Dañado No para Préstamo Colección Tomo Biblioteca de Origen Biblioteca Permanente Fecha de Adquisición Total de Préstamos Signatura Topográfica Código de Barras Última vez visto Ejemplar/Existencia Fecha de Remplazo Tipo de Material
    Dewey Decimal Classification     Colección General   Biblioteca FUSBC Biblioteca FUSBC 16/04/2015   G 264.03 F881n 19509 12/12/2019 Ej. 1 26/01/2016 Libros Patrimoniales

Biblioteca FUSBC | Teléfono: (57+4) 349 88 10 Ext. 141| WhatsApp (+57) 3005338115 
E-mail: biblioteca@unisbc.edu.co | Calle 76 87-14 Robledo Palenque, Medellín, Colombia

Con tecnología Koha